| 000 | 00589nam a2200181Ia 4500 | ||
|---|---|---|---|
| 003 | IN-BaIIA | ||
| 008 | 211028s9999 xx 000 0 eng d | ||
| 020 | _a978-3-642-13029-8 | ||
| 040 | _cIIA Library | ||
| 080 |
_a52(082.1) _bASS-371 |
||
| 100 |
_aSmeyers, Paul _934248 |
||
| 245 | 0 |
_aLinear isentropic oscillations of stars _btheoretical foundations _cPaul Smeyers |
|
| 260 |
_aBerlin _bSpringer _c2010 |
||
| 300 | _axiv, 473p. | ||
| 650 |
_aQuasi - static stars - congresses _934249 |
||
| 650 |
_aStars - congresses _931297 |
||
| 942 | _cBK | ||
| 999 |
_c17985 _d17985 |
||